00585nam a2200181 a 4500008004100000020002200041245010900063260005100172300002500223500002000248504004100268700002500309700002300334700001900357003000100376005001700377040000900394  a0521467292 (pbk.) aThe international monetary system /cedited by Peter B. Kenen, Francesco Papadia and Fabrizio Saccomanni aNew York :bCambridge University Press,c1994. axv, 349 p. ;c23 cm. aIncludes index. aIncludes bibliographical references. aSaccomanni, Fabrizio aPapadia, Francesco aKenen, Peter B20230123133756.0 cNUST